Analysis of Neural Data

Continual improvements in data collection and processing have had a huge impact on brain research, producing data sets that are often large and complicated. By emphasizing a few fundamental principles, and a handful of ubiquitous techniques, Analysis of Neural Data provides a unified treatment of an...

Πλήρης περιγραφή

Λεπτομέρειες βιβλιογραφικής εγγραφής
Κύριοι συγγραφείς: Kass, Robert E. (Συγγραφέας), Eden, Uri T. (Συγγραφέας), Brown, Emery N. (Συγγραφέας)
Συγγραφή απο Οργανισμό/Αρχή: SpringerLink (Online service)
Μορφή: Ηλεκτρονική πηγή Ηλ. βιβλίο
Γλώσσα:English
Έκδοση: New York, NY : Springer New York : Imprint: Springer, 2014.
Σειρά:Springer Series in Statistics,
Θέματα:
Διαθέσιμο Online:Full Text via HEAL-Link
LEADER 03282nam a22005175i 4500
001 978-1-4614-9602-1
003 DE-He213
005 20151103124218.0
007 cr nn 008mamaa
008 140303s2014 xxu| s |||| 0|eng d
020 |a 9781461496021  |9 978-1-4614-9602-1 
024 7 |a 10.1007/978-1-4614-9602-1  |2 doi 
040 |d GrThAP 
050 4 |a QA276-280 
072 7 |a PBT  |2 bicssc 
072 7 |a MBNS  |2 bicssc 
072 7 |a MED090000  |2 bisacsh 
082 0 4 |a 519.5  |2 23 
100 1 |a Kass, Robert E.  |e author. 
245 1 0 |a Analysis of Neural Data  |h [electronic resource] /  |c by Robert E. Kass, Uri T. Eden, Emery N. Brown. 
264 1 |a New York, NY :  |b Springer New York :  |b Imprint: Springer,  |c 2014. 
300 |a XXV, 648 p. 135 illus., 17 illus. in color.  |b online resource. 
336 |a text  |b txt  |2 rdacontent 
337 |a computer  |b c  |2 rdamedia 
338 |a online resource  |b cr  |2 rdacarrier 
347 |a text file  |b PDF  |2 rda 
490 1 |a Springer Series in Statistics,  |x 0172-7397 
505 0 |a Introduction -- Exploring Data -- Probability and Random Variables -- Random Vectors -- Important Probability Distributions -- Sequences of Random Variables -- Estimation and Uncertainty -- Estimation in Theory and Practice -- Uncertainty and the Bootstrap -- Statistical Significance -- General Methods for Testing Hypotheses -- Linear Regression -- Analysis of Variance -- Generalized Regression -- Nonparametric Regression -- Bayesian Methods -- Multivariate Analysis -- Time Series -- Point Processes -- Appendix: Mathematical Background -- Example Index -- Index -- Bibliography. 
520 |a Continual improvements in data collection and processing have had a huge impact on brain research, producing data sets that are often large and complicated. By emphasizing a few fundamental principles, and a handful of ubiquitous techniques, Analysis of Neural Data provides a unified treatment of analytical methods that have become essential for contemporary researchers. Throughout the book ideas are illustrated with more than 100 examples drawn from the literature, ranging from electrophysiology, to neuroimaging, to behavior. By demonstrating the commonality among various statistical approaches the authors provide the crucial tools for gaining knowledge from diverse types of data. Aimed at experimentalists with only high-school level mathematics, as well as computationally-oriented neuroscientists who have limited familiarity with statistics, Analysis of Neural Data serves as both a self-contained introduction and a reference work. 
650 0 |a Statistics. 
650 0 |a Neurosciences. 
650 0 |a Neuropsychology. 
650 1 4 |a Statistics. 
650 2 4 |a Statistics for Life Sciences, Medicine, Health Sciences. 
650 2 4 |a Neurosciences. 
650 2 4 |a Neuropsychology. 
650 2 4 |a Statistical Theory and Methods. 
700 1 |a Eden, Uri T.  |e author. 
700 1 |a Brown, Emery N.  |e author. 
710 2 |a SpringerLink (Online service) 
773 0 |t Springer eBooks 
776 0 8 |i Printed edition:  |z 9781461496014 
830 0 |a Springer Series in Statistics,  |x 0172-7397 
856 4 0 |u http://dx.doi.org/10.1007/978-1-4614-9602-1  |z Full Text via HEAL-Link 
912 |a ZDB-2-SMA 
950 |a Mathematics and Statistics (Springer-11649)